| 000 | 01736nam0a2200361 4500 | ||
|---|---|---|---|
| 001 | RU\NLR\bibl\1177065 | ||
| 005 | 20260405075702.0 | ||
| 010 | _a978-5-9910-0102-1 | ||
| 010 |
_a978-966-343-725-5 _915000 |
||
| 021 |
_aRU _b2007-83018 _94475 |
||
| 035 | _a(NLR Aleph) 001163707 | ||
| 090 |
_a1553647 _c1553647 |
||
| 100 | _a20080117d2007 |||y0rusy50 ca | ||
| 101 | 1 |
_arus _cger _dukr |
|
| 102 |
_aRU _aUA |
||
| 105 | _aa ||||||||| | ||
| 200 | 1 |
_aКак улучшить зрение _e[практические рекомендации по улучшению зрения. Система упражнений для тренировки глаз. Предупреждение глазных болезней] _fУши Остермайер-Ситковски _g[пер. с нем. Александр Дмитришин] |
|
| 210 |
_aБелгород _aХарьков _cКнижный клуб "Клуб семейного досуга" _d2007 |
||
| 215 |
_a173 с., [2] л. цв. ил. _cил. _d21 |
||
| 300 | _aНа 9-й с. авт.: Уши Остермайер-Зитковски | ||
| 300 | _aРез. на укр. яз. | ||
| 320 | _aПредм. указ.: с. 169-171 | ||
| 606 | 1 |
_aЗрение _jПопулярные издания _xРасстройства _xТерапия _91131997 _3RU\NLR\auth\66449635 |
|
| 606 | 1 |
_aЗрение _jПопулярные издания _xГигиена _91414507 _3RU\NLR\auth\66284718 |
|
| 686 | _aР670.2-5я9 | ||
| 686 | _aР120.43я9 | ||
| 700 | 1 |
_4070 _8rus _7ca _aОстермайер-Зитковски _bУ. _gУши _3RU\NLR\auth\7727137 _910174 |
|
| 801 | 0 |
_aRU _bNLR _c20080117 _gRCR |
|
| 801 | 1 |
_aRU _bNLR _c20080117 |
|
| 942 | _cBOOK | ||
| 980 | _aNB | ||
| 980 | _aNBR | ||